Quiz Drapeau - Niveau Facile - Statistiques

Statistiques générales
  • Ce quiz a été pris 383 fois
  • Le résultat moyen est 12 sur 12
Statistiques - réponses
Par images Réponse % Correct
Canada
100%
Espagne
100%
Portugal
97%
Algerie
96%
Belgique
96%
Brésil
96%
Corée du sud
96%
Maroc
96%
Royaume-Uni
96%
Russie
95%
Suède
95%
Mexique
92%
Aucun quiz correspondant
Distribution des résultats
% des personnes avec chaque résultat
Percentile par nombre de réponses
Votre historique - résultats
Vous n’avez pas pris ce quiz